| 000 | 01374cam a2200409 i 4500 | ||
|---|---|---|---|
| 001 | vtls000889399 | ||
| 003 | PNM | ||
| 005 | 20210314132004.0 | ||
| 008 | 191029s2020 my e 000 0 may | ||
| 015 | _aM20-05372 | ||
| 020 |
_a9789830978680 _qpaperback _cRM20.00 |
||
| 039 | 9 |
_a202102171148 _bnoorul _c202101051028 _dhisyamuddin_m _c202012241204 _dhisyamuddin_m _c202009221623 _drosliza |
|
| 040 |
_aBNM _beng _cBNM _dPNM _dPPAK _erda |
||
| 049 | _amal | ||
| 082 | 0 | 4 |
_a808.882 _223 |
| 090 | 0 | 0 |
_a808.882 _bBON _dG |
| 100 | 0 |
_aBonda Nor, _d1977- _eauthor. |
|
| 245 | 1 | 0 |
_aCHECK IT OUT! / _cBONDA NOR ; Editor Rosmawati Saidin |
| 264 | 1 |
_aPetaling Jaya, Selangor : _bGaleri Ilmu Sdn. Bhd., _c[2020] |
|
| 300 |
_ai, 178 pages ; _c22 cm |
||
| 336 |
_atext _2rdacontent |
||
| 337 |
_aunmediated _2rdamedia |
||
| 338 |
_avolume _2rdacarrier |
||
| 650 | 1 | 0 | _aAnecdotes |
| 650 | 2 | 0 |
_aMuslims _xConduct of life _vAnecdotes |
| 650 | 2 | 0 |
_aReligious life _xIslam _vAnecdotes |
| 700 | 0 |
_aRosmawati Saidin, _eeditor. |
|
| 942 |
_2ddc _cB |
||
| 949 |
_61001345729 _e2672357 |
||
| 949 |
_62000701151 _a808.882 BON M |
||
| 949 |
_62000701149 _a808.882 BON M |
||
| 949 |
_62000701150 _a808.882 BON M |
||
| 949 |
_61001347000 _e2674892 |
||
| 949 |
_61001347001 _e2674893 _s3712:20210105 |
||
| 949 |
_61001347002 _e2674894 _s3712:20210105 |
||
| 949 |
_61001347003 _e2674895 _s3712:20210105 |
||
| 999 |
_c182618 _d182618 |
||